00491nmm a2200169Ia 4500008004100000020001500041041000800056100002200064245004600086264007800132300001800210490001200228650000800240856004900248942000700297999001700304251105s9999||||xx |||||||||||||||||und|| a8479086920 aspa aAlemañ Cano, J. 0aLa prueba de testigos en el proceso penal a[Madrid, España] :bPublicaciones de la Universidad de Alicante, c2002 a320 páginas aDerecho aLaw uhttps://public.digitaliapublishing.com/a/779 cCF c73585d73585